01222nam a2200265Ia 450000100090000000300060000900500170001500800410003202000150007304000130008805000250010110000550012624500550018126000680023630000200030450001610032450000960048565000250058165000250060665000350063165000340066694200380070099900170073895202010075517964325AUA.120260217211042.0260217r19881890cau 000 0 eng d a0945460015 aNCUcNCU aBX6122.R53bW34 18901 aWaggoner, E. J.q(Ellet Joseph),d1855-1916.9921410aChrist and His righteousness /cby E. J. Waggoner. aNashville, Tennessee :bSouthern Publishing Association,c1972. a96 p. ;c21 cm. aEntered according to Act of Congress, in the year 1890, by Pacific Press Publishing Company, in the office of the Librarian of Congress, at Washington D. C. aFacsimile reproductionprinted 1972 by Southern Publishing Association: Nashville, Tennessee aJesus Christ.924770 aRighteousness924771 aRighteousness by faith.924772 aSeventh-day Adventists924773 2lcccBOOKhBX 6122 .R53iW34 1972 c25314d25314 00102lcc40708BooksaAUA.1bAUA.1cGSd2012-08-22eDonation, Review & Heraldg10.00hAUA009727l10m4oBX 6122 .R53 W34 1972pAUA009727r2023-08-21 07:52:20s2023-07-21v10.00w2012-08-22yBOOK